<?xml version="1.0" encoding="UTF-8"?>
<record
    xmlns:xsi="http://www.w3.org/2001/XMLSchema-instance"
    xsi:schemaLocation="http://www.loc.gov/MARC21/slim http://www.loc.gov/standards/marcxml/schema/MARC21slim.xsd"
    xmlns="http://www.loc.gov/MARC21/slim">

  <leader>00767nam a22001937a 4500</leader>
  <controlfield tag="003">NUST-PNEC</controlfield>
  <controlfield tag="005">20170116180712.0</controlfield>
  <controlfield tag="008">141015b        xxu||||| |||| 00| 0 eng d</controlfield>
  <datafield tag="020" ind1=" " ind2=" ">
    <subfield code="a">1566766060 </subfield>
  </datafield>
  <datafield tag="040" ind1=" " ind2=" ">
    <subfield code="c">PNEC</subfield>
  </datafield>
  <datafield tag="082" ind1=" " ind2=" ">
    <subfield code="a">620.11805 GIB</subfield>
  </datafield>
  <datafield tag="100" ind1=" " ind2=" ">
    <subfield code="9">590</subfield>
    <subfield code="a">Gibson, Ronald F.</subfield>
  </datafield>
  <datafield tag="245" ind1=" " ind2=" ">
    <subfield code="a">Proceedings of the American Society for Composites Twelfth Technical Conference : October 6-8, Dearborn Inn, Dearborn, Michigan</subfield>
    <subfield code="c">American Society for Composites</subfield>
  </datafield>
  <datafield tag="260" ind1=" " ind2=" ">
    <subfield code="a">Lancaster, Pa. : </subfield>
    <subfield code="b">Technomic Pub. Co.,</subfield>
    <subfield code="c"> c1997.</subfield>
  </datafield>
  <datafield tag="300" ind1=" " ind2=" ">
    <subfield code="a">xix, 1198 p. : </subfield>
    <subfield code="b">ill. ; </subfield>
    <subfield code="c">29 cm.</subfield>
  </datafield>
  <datafield tag="500" ind1=" " ind2=" ">
    <subfield code="a">Includes Index http://www.amazon.com/s/ref=nb_sb_noss?url=search-alias%3Dstripbooks&amp;field-keywords=1566766060+&amp;rh=n%3A283155%2Ck%3A1566766060+</subfield>
  </datafield>
  <datafield tag="650" ind1=" " ind2=" ">
    <subfield code="x">ME</subfield>
  </datafield>
  <datafield tag="942" ind1=" " ind2=" ">
    <subfield code="2">ddc</subfield>
    <subfield code="c">BK</subfield>
  </datafield>
  <datafield tag="999" ind1=" " ind2=" ">
    <subfield code="c">61021</subfield>
    <subfield code="d">61021</subfield>
  </datafield>
  <datafield tag="952" ind1=" " ind2=" ">
    <subfield code="0">0</subfield>
    <subfield code="1">0</subfield>
    <subfield code="2">ddc</subfield>
    <subfield code="4">0</subfield>
    <subfield code="7">0</subfield>
    <subfield code="a">PNEC</subfield>
    <subfield code="b">PNEC</subfield>
    <subfield code="c">REF</subfield>
    <subfield code="d">2004-05-04</subfield>
    <subfield code="e">Fair Book Centre</subfield>
    <subfield code="g">7515.00</subfield>
    <subfield code="l">0</subfield>
    <subfield code="o">620.11805 GIB</subfield>
    <subfield code="p">PNECLIB-026555</subfield>
    <subfield code="r">2014-10-15</subfield>
    <subfield code="v">7515.00</subfield>
    <subfield code="w">2004-05-04</subfield>
    <subfield code="y">BK</subfield>
  </datafield>
</record>
